| 000 | 00980nas a2200337 4500 | ||
|---|---|---|---|
| 001 | BR2013001612 | ||
| 003 | BR-BrBNA | ||
| 005 | 20231205122024.0 | ||
| 007 | ta | ||
| 008 | 230509b bl.|||p| |||| 00| 00por d | ||
| 040 |
_aBR-BrBNA _bpor _cBiblioteca Nacional de Agricultura |
||
| 041 | _a(Pt) | ||
| 072 | _aL02 | ||
| 100 | 1 | _aAzevedo, R.A. de | |
| 100 | 1 | _aRufino, L.M. de A. | |
| 100 | 1 | _aSantos, A.C.R. dos | |
| 100 | 1 | _aSilva, L.P. da | |
| 100 | 1 | _aBonfá, H.C. | |
| 100 | 1 | _aDuarte, E.R. | |
| 100 | 1 | _aGeraseev, L.C. | |
| 245 | 1 | _aDesempenho de cordeiros alimentados com inclusão de torta de macaúba na dieta | |
| 650 | _aCORDEIRO | ||
| 650 | _aDIETA | ||
| 650 | _aMACAÚBA | ||
| 650 | _aTORTA | ||
| 650 | _aCONFINAMENTO | ||
| 650 | _aNUTRIÇÃO ANIMAL | ||
| 773 | 0 |
_tPesquisa Agropecuária Brasileira (Brazil) _xISSN 0100-204X _g(nov 2012), v. 47(1) p. 1663-1668 _wBR2013001612 |
|
| 909 |
_a202311 _bLúcia _c55 _dLúcia Elande |
||
| 942 |
_2AGRIS _n0 _cANA |
||
| 999 |
_c226502 _d226502 |
||